Seaport District NYC.

Saved in:
Bibliographic Details
Corporate Author: Seaport District (Organization: New York, N.Y.)
Format: Unknown
Language:English
Published: New York, N.Y. : Seaport District, [1998]-
Subjects:
Online Access:Current site
Archived site
Tags: Add Tag
No Tags, Be the first to tag this record!
LEADER 01211cai a22003133i 4500
001 13034708
005 20180201220228.0
006 m|||| |||d| ||||||
007 cr||n|||||||||
008 180112c19989999nyuuu woo|||||| 2eng d
035 |a (OCoLC)1020584064 
035 |a (OCoLC)on1020584064 
035 |a (NNC)13034708 
040 |a NNC  |b eng  |c NNC  |e rda 
043 |a n-us-ny 
245 0 0 |a Seaport District NYC. 
264 1 |a New York, N.Y. :  |b Seaport District,  |c [1998]- 
300 |a 1 online resource. 
336 |a text  |b txt  |2 rdacontent 
337 |a computer  |b c  |2 rdamedia 
338 |a online resource  |b cr  |2 rdacarrier 
500 |a Preserved by Columbia University Libraries' Web Resources Collection Program. 
588 |a Identification of the resource based on contents viewed on Jan. 12, 2018; title from home page. 
650 0 |a Neighborhood planning  |z New York (State)  |z New York. 
650 0 |a Community development  |z New York (State)  |z New York. 
710 2 |a Seaport District (Organization: New York, N.Y.) 
856 4 0 |u https://www.southstreetseaport.com/  |z Current site 
856 4 1 |u http://wayback.archive-it.org/1757/*/https://www.southstreetseaport.com/  |z Archived site 
852 8 |b lweb  |h ERESOURCES